000
00263nam a2200109Ia 4500
008
200302s9999 xx 000 0 und d
100
_a
Kelly Shannon
245
_a
Reclaiming (The Urbanism Of) Mumbai
260
_b
Sun Publisher
260
_c
2009
300
_a
205 P.,
999
_c
4385
_d
4385